| 000 | 00328pam a2200133 a 4500 | ||
|---|---|---|---|
| 020 | _c | ||
| 041 | _h | ||
| 082 | _a658.8 | ||
| 100 |
_aCOOPER ( Simon ) _eauthor |
||
| 245 |
_aSelling : Principles, Practice and Management _hTextual Document |
||
| 260 |
_bPitman Publication London _c1997 |
||
| 300 | _aXVII,318 | ||
| 930 | _a9179 | ||
| 999 |
_c839937 _d839937 |
||